Indovina il Calciatore - Statistics

Statistiche generali
  • Questo quiz è stato fatto 117 volte
  • Il punteggio medio è 22 su 28
Statistiche sulle risposte
con Immagini Risposta % Corretto
Quagliarella
95%
Motta
93%
Courtois
91%
Koulibaly
91%
Ozil
91%
Tevez
91%
Martinez
90%
Rashford
87%
Consigli
85%
Rakitic
85%
Depay
84%
Silva
84%
Gotze
80%
Kolarov
80%
Nagatomo
80%
Rodrygo
80%
Mexes
77%
Olmo
76%
Traore
74%
Osvaldo
70%
Lavezzi
69%
Tielemans
66%
Jovetic
63%
Kolasinac
62%
Guarin
57%
Falcao
55%
Sturridge
51%
Zabaleta
49%
Nessun quiz corrispondente trovato
Distribuzione punteggi
Percentuale di utenti per punteggio
Percentile per numero di risposta
I tuoi punteggi nel tempo
Non hai fatto questo quiz